| 000 | 00968nam a22002657a 4500 | ||
|---|---|---|---|
| 001 | 7429 | ||
| 003 | FISKH | ||
| 005 | 20250812161738.0 | ||
| 008 | 250715b cb ||||| |||| 00| 0 eng d | ||
| 020 | _a9788120754720 | ||
| 040 |
_aFISKH _beng _cFISKH _dFISKH |
||
| 050 | _aPZ7 | ||
| 082 | _a398.2 | ||
| 100 | _aShively, Julie | ||
| 245 | _aWhat belongs? / | ||
| 260 |
_aNew Delhi : _bSterling Publishers, _c2010. |
||
| 300 |
_a12 pages : _bcolor illustrations ; _c24cm |
||
| 505 | _aE | ||
| 520 | _aFeaturing humorous rhyme and the antics of the Baby Looney Tunes, this book illustrated by Drew Rose teaches even the youngest toddler about the concept of sets: Sun, moon, stars and pie, Three of these shine in the sky. One of these out of place. Which does not belong in space? | ||
| 521 | 8 |
_a200
_bLexile estimate |
|
| 521 | 8 |
_aE
_bRaz-Plus |
|
| 650 |
_aBoard Book _vPicture Book _xPreschool Learning |
||
| 942 |
_2ddc _cBK _n0 |
||
| 999 |
_c7429 _d7429 |
||